[Event "MCR mladeze 2014, D14"]
[Site "Kouty nad Desnou"]
[Date "2014.03.10"]
[Round "3"]
[White "Bierska, Adela"]
[Black "Brunova, Blanka"]
[Result "1/2-1/2"]
[WhiteElo "1472"]
[BlackElo "1568"]
[PlyCount "60"]
[EventDate "2014.??.??"]

1. e4 c5 2. Nf3 Nc6 3. d4 cxd4 4. Nxd4 g6 5. c4 Bg7 6. Be3 Nf6 7. Nc3 Ng4 8.
Qxg4 Nxd4 9. Qd1 e5 10. f4 Qb6 11. Nd5 Qxb2 12. Bxd4 exd4 13. Rb1 Qxa2 14. Nc7+
Kd8 15. Nxa8 Re8 16. Bd3 Qxg2 17. Rf1 d5 18. Qd2 Qxd2+ 19. Kxd2 dxe4 20. Be2 d3
21. Rfd1 dxe2 22. Kxe2+ Ke7 23. Ke3 Bg4 24. Rxb7+ Kf8 25. Rg1 Rxa8 26. Rxg4 f5
27. Rg2 Rd8 28. Rd2 Rxd2 29. Kxd2 Bh6 30. Ke3 g5 1/2-1/2

[Event "MCR mladeze 2014, D14"]
[Site "Kouty nad Desnou"]
[Date "2014.03.10"]
[Round "3"]
[White "Tumova, Anna"]
[Black "Volaninova, Sarka"]
[Result "1/2-1/2"]
[WhiteElo "1496"]
[BlackElo "1556"]
[PlyCount "63"]
[EventDate "2014.??.??"]

1. e4 c5 2. Nf3 Nc6 3. d4 cxd4 4. Nxd4 g6 5. c4 Bg7 6. Be3 Nf6 7. Nc3 O-O 8.
Be2 d6 9. O-O Bd7 10. Kh1 Rc8 11. f4 a6 12. Rc1 Nxd4 13. Bxd4 Bc6 14. Bd3 Qc7
15. f5 Nd7 16. Bxg7 Kxg7 17. b4 Ne5 18. Ne2 Qd8 19. Nf4 Rc7 20. fxg6 hxg6 21.
Qe2 Nxd3 22. Qxd3 b5 23. c5 dxc5 24. Rxc5 Rc8 25. Qc3+ e5 26. Qxe5+ Kg8 27.
Rfc1 Qd2 28. a3 Rfe8 29. Qc3 Qxf4 30. Rxc6 Rxc6 31. Qxc6 Qxe4 32. Qc3 1/2-1/2

[Event "MCR mladeze 2014, D14"]
[Site "Kouty nad Desnou"]
[Date "2014.03.10"]
[Round "3"]
[White "Vavrinkova, Eliska"]
[Black "Vitova, Anna"]
[Result "1-0"]
[WhiteElo "1488"]
[BlackElo "1575"]
[PlyCount "97"]
[EventDate "2014.??.??"]

1. d4 Nf6 2. Nf3 e6 3. c4 b6 4. a3 Bb7 5. Nc3 d5 6. Bg5 Be7 7. Qa4+ Nbd7 8.
Bxf6 Bxf6 9. cxd5 exd5 10. e3 a6 11. Bd3 O-O 12. O-O c5 13. Qc2 g6 14. Rac1 Bg7
15. Qb1 Qf6 16. Ne2 Qd6 17. Rfd1 Rfe8 18. dxc5 bxc5 19. b4 cxb4 20. Qxb4 Qxb4
21. axb4 Rac8 22. Nf4 Bf8 23. b5 Nc5 24. bxa6 Nxd3 25. Rxc8 Bxc8 26. Rxd3 Bxa6
27. Rxd5 Bb7 28. Rd1 Rc8 29. Ne5 Bg7 30. Nf3 Bh6 31. Ne2 Ba6 32. Ned4 Bg7 33.
h3 Bb7 34. Kf1 Rc5 35. Ke1 Ra5 36. Rb1 Bxd4 37. exd4 Bxf3 38. gxf3 Rh5 39. Ke2
Rxh3 40. Rd1 Rh5 41. Ke3 Rd5 42. Ke4 Rd8 43. d5 f6 44. d6 Kf8 45. Kd5 Rd7 46.
Ke6 Ke8 47. Rc1 Rd8 48. Rc7 h5 49. d7+ 1-0

[Event "MCR mladeze 2014, D14"]
[Site "Kouty nad Desnou"]
[Date "2014.03.10"]
[Round "3"]
[White "Koci, Tereza"]
[Black "Kopcova, Ludmila"]
[Result "0-1"]
[WhiteElo "1473"]
[BlackElo "1618"]
[PlyCount "110"]
[EventDate "2014.??.??"]

1. c4 e6 2. d4 d5 3. cxd5 exd5 4. Nc3 Nf6 5. Nf3 c6 6. Bg5 Bf5 7. e3 Nbd7 8. h3
Be7 9. Bd3 Bxd3 10. Qxd3 h6 11. Bf4 Nb6 12. O-O O-O 13. b3 Bd6 14. Bxd6 Qxd6
15. Rfc1 Rae8 16. Nd2 Nh7 17. Rab1 a5 18. Ne2 Ra8 19. Rc3 Rfc8 20. Qc2 Ng5 21.
Nf4 Ne6 22. Nxe6 fxe6 23. Nf3 Nd7 24. a3 e5 25. Nxe5 Nxe5 26. dxe5 Qxe5 27. b4
axb4 28. axb4 Qd6 29. b5 c5 30. Rc1 b6 31. Rd1 Qd7 32. Rb3 Rd8 33. Qb2 Ra4 34.
Qc2 d4 35. Qg6 Qd6 36. Qc2 Qf6 37. Rbd3 Rb4 38. Rb3 Rxb3 39. Qxb3+ Kh8 40. Qc4
dxe3 41. Rxd8+ Qxd8 42. fxe3 Qd1+ 43. Kf2 Qd2+ 44. Kf3 Qd8 45. Kf2 Qg8 46. Qc3
Qf7+ 47. Ke2 c4 48. Qd4 Qh5+ 49. Qg4 Qxb5 50. Qc8+ Kh7 51. Qd8 c3+ 52. Qd3+
Qxd3+ 53. Kxd3 Kg6 54. e4 Kf6 55. Kxc3 Ke5 0-1

[Event "MCR mladeze 2014, D14"]
[Site "Kouty nad Desnou"]
[Date "2014.03.10"]
[Round "3"]
[White "Vlkova, Anezka"]
[Black "Koucha, Maryam Amina"]
[Result "1-0"]
[WhiteElo "1440"]
[BlackElo "1527"]
[PlyCount "87"]
[EventDate "2014.03.08"]

1. e4 e5 2. Nf3 Nc6 3. Bc4 Nf6 4. d3 d5 5. exd5 Nxd5 6. O-O Be7 7. Re1 Nb6 8.
Nbd2 Bg4 9. h3 Bh5 10. Bb5 f6 11. Ne4 O-O 12. c3 Kh8 13. Ng3 Bg6 14. Bxc6 bxc6
15. d4 exd4 16. Nxd4 c5 17. Ne6 Qxd1 18. Rxd1 Rfc8 19. Bf4 c6 20. Nc7 Rab8 21.
Re1 Bf8 22. Ne6 Rb7 23. Nxf8 Rxf8 24. Ne4 Na4 25. Bd6 Rd8 26. Nxc5 Nxc5 27.
Bxc5 Kg8 28. b3 Rd3 29. c4 a5 30. Re6 a4 31. Rxc6 axb3 32. Rc8+ Kf7 33. Rf8+
Ke6 34. Re1+ Kf5 35. axb3 Rdxb3 36. Be3 Rc3 37. g4+ Ke4 38. Bd2+ Kd3 39. Bxc3
Kxc3 40. Rc8 Bf7 41. c5 Kd4 42. c6 Ra7 43. c7 Kc5 44. Rc1+ 1-0

[Event "MCR mladeze 2014, D14"]
[Site "Kouty nad Desnou"]
[Date "2014.03.10"]
[Round "3"]
[White "Vrbova, Eva"]
[Black "Ambrozova, Lucie"]
[Result "0-1"]
[WhiteElo "1357"]
[BlackElo "1480"]
[PlyCount "41"]
[EventDate "2014.03.08"]

1. e4 c5 2. Nf3 d6 3. d4 cxd4 4. Nxd4 Nf6 5. Nc3 g6 6. Be3 Bg7 7. Bc4 O-O 8.
O-O Nc6 9. Be2 Bd7 10. Qd2 a6 11. h3 b5 12. a3 Ne5 13. b4 Qc7 14. Bd3 Rfc8 15.
Nce2 Rab8 16. Rab1 Nc6 17. f4 Qb7 18. Ng3 Ne8 19. c3 Nc7 20. Rfc1 Ne6 21. Nge2
{necitelny zapis} 0-1

[Event "MCR mladeze 2014, D14"]
[Site "Kouty nad Desnou"]
[Date "2014.03.10"]
[Round "3"]
[White "Kralova, Josefina"]
[Black "Kalinova, Eliska"]
[Result "0-1"]
[WhiteElo "1551"]
[BlackElo "1312"]
[PlyCount "112"]
[EventDate "2014.03.08"]

1. e4 e5 2. Nf3 Nc6 3. Nc3 Nf6 4. d4 exd4 5. Nxd4 Bb4 6. Nxc6 bxc6 7. Bd3 d6 8.
O-O O-O 9. Bg5 Qe7 10. Qf3 Re8 11. Bxf6 Qxf6 12. Qxf6 gxf6 13. Rfe1 Bb7 14. a3
Bc5 15. Rad1 Rad8 16. h3 Bc8 17. b4 Bd4 18. Ne2 Bb6 19. c3 d5 20. Nd4 Bb7 21.
Bc2 c5 22. Nb3 cxb4 23. axb4 dxe4 24. Rxd8 Rxd8 25. Bxe4 Bxe4 26. Rxe4 Rd1+ 27.
Kh2 Bxf2 28. Rf4 Bg1+ 29. Kg3 Rd3+ 30. Rf3 Be3 31. Nd4 Rxc3 32. Nf5 Bd2 33.
Rxc3 Bxc3 34. Ne7+ Kf8 35. Nd5 Be5+ 36. Kf3 Ke8 37. Ke4 c6 38. Ne3 Kd7 39. Kd3
Kd6 40. Kc4 Ke6 41. Kc5 Bd6+ 42. Kxc6 Bxb4 43. Nc4 a5 44. Kb5 Kd5 45. Nxa5 Bxa5
46. Kxa5 Ke4 47. Kb5 Kf4 48. Kc6 Kg3 49. Kd6 Kxg2 50. Ke7 f5 51. Kf6 Kxh3 52.
Kxf5 h5 53. Kf4 Kg2 54. Kg5 f5 55. Kxh5 f4 56. Kg4 f3 0-1

[Event "MCR mladeze 2014, D14"]
[Site "Kouty nad Desnou"]
[Date "2014.03.10"]
[Round "3"]
[White "Masakova, Petra"]
[Black "Korenova, Magdalena"]
[Result "1/2-1/2"]
[WhiteElo "1553"]
[BlackElo "1400"]
[PlyCount "87"]
[EventDate "2014.03.08"]

1. d4 Nf6 2. Nf3 g6 3. c4 Bg7 4. Nc3 d6 5. Bg5 Nbd7 6. e3 O-O 7. Be2 c6 8. O-O
e5 9. dxe5 dxe5 10. b4 Rb8 11. a3 Qc7 12. Qb3 Nh5 13. c5 Ndf6 14. Nd2 h6 15.
Bxh5 Nxh5 16. Bh4 g5 17. Bg3 Nxg3 18. hxg3 Be6 19. Qc2 f5 20. Rad1 Qf7 21. Qc1
e4 22. Ne2 Rbd8 23. Nb1 Bc4 24. Rxd8 Rxd8 25. Rd1 Rxd1+ 26. Qxd1 Bd3 27. Nbc3
Qc4 28. Qd2 Kh7 29. Qe1 h5 30. Qd2 b6 31. cxb6 axb6 32. Nd4 Kg6 33. Nde2 Qb3
34. Qc1 Qc4 35. Qd2 c5 36. bxc5 bxc5 37. Qe1 Qb3 38. Qc1 c4 39. a4 Bxe2 40.
Nxe2 Qxa4 41. Qd2 Qa1+ 42. Kh2 c3 43. Qd6+ Bf6 44. Qc5 1/2-1/2

[Event "MCR mladeze 2014, D14"]
[Site "Kouty nad Desnou"]
[Date "2014.03.10"]
[Round "3"]
[White "Dancakova, Klara"]
[Black "Kratochvilova, Kristyna"]
[Result "0-1"]
[WhiteElo "1209"]
[BlackElo "1461"]
[PlyCount "55"]
[EventDate "2014.03.08"]

1. e4 c6 2. d4 d5 3. exd5 cxd5 4. Bb5+ Nc6 5. Nf3 a6 6. Bd3
Bg4 7. O-O Nxd4 8. Be2 Nxe2+ 9. Qxe2 e6 10. Rd1 Nf6 11. c4 Qc7 12. cxd5 Nxd5
13. h3 Bh5 14. Bg5 Nf4 15. Qe3 e5 16. Nc3 f6 17. Bh4 Be7 18. Rac1 Qa5 19. Bg3
Qb4 20. Bxf4 exf4 21. Nd5 fxe3 22. Nxb4 exf2+ 23. Kxf2 Bxb4 24. Rc7 O-O 25.
Rdd7 Rf7 26. Rxf7 Bxf7 27. Rxb7 Bc5+ 28. Ke2 {Necitelny zapis.} 0-1

[Event "MCR mladeze 2014, D14"]
[Site "Kouty nad Desnou"]
[Date "2014.03.10"]
[Round "3"]
[White "Dolezalova, Josefina"]
[Black "Hunova, Zuzana"]
[Result "0-1"]
[WhiteElo "1100"]
[BlackElo "1085"]
[PlyCount "34"]
[EventDate "2014.03.08"]

1. e4 e5 2. Nf3 Nc6 3. Bc4 Nf6 4. d3 Bc5 5. Bg5 O-O 6. O-O d6 7. Nc3 Bg4 8. Qd2
Bxf3 9. gxf3 h6 10. Bh4 Qd7 11. Bxf6 gxf6 12. Nd5 Qh3 13. Nxf6+ Kh8 14. d4 Bxd4
15. c3 Bc5 16. b4 Bb6 17. Nd5 Rg8+ 0-1

[Event "MCR mladeze 2014, D14"]
[Site "Kouty nad Desnou"]
[Date "2014.03.11"]
[Round "4"]
[White "Brunova, Blanka"]
[Black "Nemcova, Kamila"]
[Result "0-1"]
[WhiteElo "1568"]
[BlackElo "1659"]
[PlyCount "46"]
[EventDate "2014.??.??"]

1. e4 d5 2. exd5 Qxd5 3. Nc3 Qa5 4. b4 Qb6 5. Bc4 Qxb4 6. Qe2 c6 7. Rb1 Qd6 8.
Nf3 Nf6 9. Rb3 e6 10. O-O Be7 11. Ba3 Qc7 12. Bxe7 Qxe7 13. Nd4 O-O 14. Ne4
Nbd7 15. Ng5 Nb6 16. Nf5 Qc5 17. Bxe6 fxe6 18. Nxe6 Qxf5 19. Nxf8 Kxf8 20. Re1
Bd7 21. Qe7+ Kg8 22. Rg3 g6 23. Rf3 Re8 0-1

[Event "MCR mladeze 2014, D14"]
[Site "Kouty nad Desnou"]
[Date "2014.03.11"]
[Round "4"]
[White "Bierska, Adela"]
[Black "Vavrinkova, Eliska"]
[Result "1/2-1/2"]
[WhiteElo "1472"]
[BlackElo "1488"]
[PlyCount "84"]
[EventDate "2014.??.??"]

1. e4 d5 2. exd5 Qxd5 3. Nc3 Qd6 4. d4 Nf6 5. Nf3 c6 6. g3 Bg4 7. Bg2 e6 8. O-O
Qc7 9. Qd3 Nbd7 10. Re1 Bd6 11. Bd2 O-O 12. a3 a5 13. Qe3 h6 14. Ne5 Bf5 15. h3
Nb6 16. g4 Bh7 17. g5 hxg5 18. Qxg5 Nbd5 19. Nxd5 cxd5 20. Ng4 Nxg4 21. Qxg4
Qxc2 22. Bh6 Qg6 23. Qxg6 Bxg6 24. Bd2 b6 25. Rac1 Rfc8 26. Kf1 Bd3+ 27. Kg1
Ba6 28. f4 g6 29. Kf2 Rxc1 30. Rxc1 Rc8 31. Rxc8+ Bxc8 32. h4 Kg7 33. Kg3 f6
34. Bc3 g5 35. hxg5 fxg5 36. Bd2 Kf6 37. Kf3 gxf4 38. Bxf4 Bxf4 39. Kxf4 Ba6
40. Bf3 Bd3 41. Bg2 Bf5 42. Bf3 b5 1/2-1/2

[Event "MCR mladeze 2014, D14"]
[Site "Kouty nad Desnou"]
[Date "2014.03.11"]
[Round "4"]
[White "Zlamana, Anna"]
[Black "Kopcova, Ludmila"]
[Result "1/2-1/2"]
[WhiteElo "1489"]
[BlackElo "1618"]
[PlyCount "153"]
[EventDate "2014.??.??"]

1. e4 e5 2. Nf3 Nf6 3. Nc3 Bb4 4. Nxe5 O-O 5. Be2 Re8 6. Nd3 Bxc3 7. dxc3 Nxe4
8. O-O d5 9. Nf4 Nf6 10. Be3 c6 11. c4 dxc4 12. Bxc4 Qxd1 13. Raxd1 Bf5 14. c3
Nbd7 15. Rfe1 Ne5 16. Bb3 b6 17. Bd4 Ned7 18. f3 c5 19. Bf2 Ne5 20. Bg3 Ng6 21.
Nxg6 Bxg6 22. Rxe8+ Rxe8 23. Ba4 Rc8 24. Be5 Bf5 25. Kf2 Be6 26. Bxf6 gxf6 27.
a3 Kf8 28. f4 Ke7 29. Bc2 f5 30. Kf3 h5 31. g3 Rh8 32. h4 Kf6 33. Kf2 Re8 34.
Ba4 Rh8 35. Bc6 Ke7 36. Bf3 Rh6 37. b4 Bd7 38. bxc5 bxc5 39. Rd5 c4 40. Ra5 a6
41. Bd5 Rd6 42. Bxc4 Rd2+ 43. Ke3 Rg2 44. Kf3 Bc6+ 45. Bd5 Bxd5+ 46. Rxd5 Rc2
47. Rd3 Ke6 48. Ke3 Ra2 49. c4 Rc2 50. Kd4 Kd6 51. Rc3 Rd2+ 52. Ke3 Rg2 53. c5+
Kc6 54. Kd4 Rd2+ 55. Kc4 a5 56. Kb3 Rd4 57. Re3 Kxc5 58. Re5+ Kd6 59. Rxf5 Rd3+
60. Ka4 Rxg3 61. Rxh5 Rg4 62. Kxa5 Rxf4 63. Rh8 f5 64. h5 Rh4 65. h6 Kc7 66. h7
Kb7 67. Rf8 Rxh7 68. Rxf5 Ka7 69. Kb5 Rb7+ 70. Kc5 Rc7+ 71. Kb5 Rb7+ 72. Ka5
Rb3 73. Rf7+ Rb7 74. Rf6 Rb3 75. a4 Rb7 76. Rf5 Rb3 77. Rb5 1/2-1/2

[Event "MCR mladeze 2014, D14"]
[Site "Kouty nad Desnou"]
[Date "2014.03.11"]
[Round "4"]
[White "Volaninova, Sarka"]
[Black "Vlkova, Anezka"]
[Result "1/2-1/2"]
[WhiteElo "1556"]
[BlackElo "1440"]
[PlyCount "56"]
[EventDate "2014.??.??"]

1. d4 d5 2. c4 e6 3. Nc3 Nf6 4. Bg5 Be7 5. e3 O-O 6. Nf3 Nbd7 7. cxd5 Nxd5 8.
Bxe7 Nxe7 9. Bd3 b6 10. O-O Bb7 11. Rc1 c5 12. Qe2 Ng6 13. Rfd1 Qe7 14. Ba6
Bxa6 15. Qxa6 cxd4 16. Nxd4 Nc5 17. Qe2 Rac8 18. h3 Rfd8 19. Nf3 Rxd1+ 20. Rxd1
Rd8 21. Rd2 Rxd2 22. Qxd2 Qd7 23. Qxd7 Nxd7 24. Kf1 Nge5 25. Nxe5 Nxe5 26. Ke2
Kf8 27. Ne4 Ke7 28. b3 h6 1/2-1/2

[Event "MCR mladeze 2014, D14"]
[Site "Kouty nad Desnou"]
[Date "2014.03.11"]
[Round "4"]
[White "Ambrozova, Lucie"]
[Black "Tumova, Anna"]
[Result "1/2-1/2"]
[WhiteElo "1480"]
[BlackElo "1496"]
[PlyCount "67"]
[EventDate "2014.??.??"]

1. e4 e6 2. d4 d5 3. Nc3 dxe4 4. Nxe4 Nd7 5. Nf3 Ngf6 6. Bd3 Be7 7. O-O O-O 8.
Bf4 c5 9. dxc5 Bxc5 10. Nxc5 Nxc5 11. Bd6 Nxd3 12. Bxf8 Kxf8 13. Qxd3 Qxd3 14.
cxd3 Bd7 15. Rac1 Bb5 16. Ne5 Nd5 17. a3 f6 18. Nc4 Ke7 19. Rfd1 Rd8 20. Na5
Ba6 21. b4 Kf8 22. Nc4 Nf4 23. Rc2 Bb5 24. Rcd2 Ba4 25. Rc1 Rc8 26. Re1 e5 27.
Nd6 Rc7 28. h3 Rd7 29. Ne4 b6 30. Rc1 Bb5 31. Kh2 Ke7 32. g3 Ne6 33. h4 Nd4 34.
Rb2 1/2-1/2

[Event "MCR mladeze 2014, D14"]
[Site "Kouty nad Desnou"]
[Date "2014.03.11"]
[Round "4"]
[White "Kalinova, Eliska"]
[Black "Vrbova, Eva"]
[Result "1-0"]
[WhiteElo "1312"]
[BlackElo "1357"]
[PlyCount "61"]
[EventDate "2014.03.08"]

1. d4 d5 2. Nc3 Nf6 3. Bg5 e6 4. e4 h6 5. Bxf6 Qxf6 6. e5 Qd8 7. Nf3 c5 8. Nb5
a6 9. Nd6+ Bxd6 10. exd6 Qxd6 11. Ne5 cxd4 12. Qxd4 O-O 13. Bd3 Nc6 14. Nxc6
Qxc6 15. O-O b5 16. Rae1 Bb7 17. Re3 Qd6 18. Rfe1 Rfe8 19. Rh3 e5 20. Qg4 Qf6
21. Bf5 Bc8 22. Rf3 Qg5 23. Bxc8 Raxc8 24. Qd7 Qe7 25. Qxd5 Rxc2 26. Qb3 Rc4
27. Rg3 Qb4 28. Qe3 Rf4 29. Rf1 Qxb2 30. Qb6 Rf6 31. Qxf6 1-0

[Event "MCR mladeze 2014, D14"]
[Site "Kouty nad Desnou"]
[Date "2014.03.11"]
[Round "4"]
[White "Vitova, Anna"]
[Black "Kralova, Josefina"]
[Result "0-1"]
[WhiteElo "1575"]
[BlackElo "1551"]
[PlyCount "42"]
[EventDate "2014.03.08"]

1. e4 e5 2. Nf3 Nc6 3. d4 exd4 4. c3 d5 5. exd5 Qxd5 6. cxd4 Be6 7. a3 Nf6 8.
Nc3 Qd6 9. Be2 O-O-O 10. Be3 h6 11. Qa4 a6 12. O-O Bd5 13. Rfd1 Qe6 14. Nxd5
Nxd5 15. Bc4 Qf6 16. Rac1 Nb6 17. Qc2 Nxc4 18. Qxc4 Bd6 19. d5 Ne5 20. Nxe5
Qxe5 21. f4 Qxe3+ 0-1

[Event "MCR mladeze 2014, D14"]
[Site "Kouty nad Desnou"]
[Date "2014.03.11"]
[Round "4"]
[White "Kratochvilova, Kristyna"]
[Black "Masakova, Petra"]
[Result "0-1"]
[WhiteElo "1461"]
[BlackElo "1553"]
[PlyCount "68"]
[EventDate "2014.03.08"]

1. e4 c5 2. Nf3 d6 3. Bc4 Nf6 4. d3 a6 5. Nc3 e6 6. Bg5 Be7 7. e5 Nfd7 8. Bxe7
Qxe7 9. exd6 Qxd6 10. O-O b5 11. Bb3 O-O 12. a3 Bb7 13. Ne4 Qb6 14. Ba2 Rd8 15.
Qe2 Nc6 16. Neg5 Nde5 17. Rfe1 Nxf3+ 18. Qxf3 Nd4 19. Qh3 h6 20. c3 hxg5 21.
cxd4 Rxd4 22. Rac1 Qd6 23. Qh5 Rh4 24. Qxg5 Qxh2+ 25. Kf1 Rh5 26. Qg4 Qh1+ 27.
Ke2 Re5+ 28. Kd2 Rxe1 29. Rxe1 Qxg2 30. Qh5 Qxf2+ 31. Re2 Qf4+ 32. Re3 Qf5 33.
Qh4 Qf6 34. Qh5 Qxb2+ 0-1

[Event "MCR mladeze 2014, D14"]
[Site "Kouty nad Desnou"]
[Date "2014.03.11"]
[Round "4"]
[White "Koucha, Maryam Amina"]
[Black "Hunova, Zuzana"]
[Result "1-0"]
[WhiteElo "1527"]
[BlackElo "1085"]
[PlyCount "55"]
[EventDate "2014.03.08"]

1. e4 e5 2. Nf3 Nc6 3. d4 exd4 4. Bc4 Nf6 5. O-O Bc5 6. e5 Ne4 7. Re1 d5 8.
exd6 Bf5 9. dxc7 Qxc7 10. Nbd2 Qe7 11. Bd5 Bb4 12. Bxe4 O-O 13. Bxf5 Qc5 14.
Be4 Kh8 15. a3 Bxd2 16. Bxd2 Rg8 17. Ng5 Rgf8 18. Qh5 h6 19. Nxf7+ Rxf7 20.
Qxc5 Rc8 21. Bg6 Rf6 22. Qh5 a6 23. Bxh6 Rxg6 24. Qxg6 gxh6 25. Qxh6+ Kg8 26.
Qe6+ Kg7 27. Qxc8 Kf6 28. Re6+ 1-0

[Event "MCR mladeze 2014, D14"]
[Site "Kouty nad Desnou"]
[Date "2014.03.11"]
[Round "4"]
[White "Korenova, Magdalena"]
[Black "Koci, Tereza"]
[Result "0-1"]
[WhiteElo "1400"]
[BlackElo "1473"]
[PlyCount "140"]
[EventDate "2014.03.08"]

1. e4 c5 2. d4 cxd4 3. c3 d3 4. Bxd3 Nc6 5. f4 e6 6. Be3 d6 7. Nf3 Nf6 8. Nbd2
Be7 9. O-O O-O 10. Qc2 e5 11. f5 d5 12. Rad1 Ng4 13. Bf2 d4 14. Nc4 a6 15. h3
Nxf2 16. Qxf2 f6 17. Kh1 b5 18. Ncd2 dxc3 19. Nb1 Qa5 20. Nxc3 b4 21. Bc4+ Kh8
22. Nd5 Bc5 23. Qe2 Nd4 24. Nxd4 Bxd4 25. b3 Rd8 26. Qh5 Bb7 27. Qh4 Bxd5 28.
Bxd5 Ra7 29. Rd2 Rc8 30. Qh5 Qb5 31. Bc4 Qd7 32. Rfd1 Qe7 33. h4 Rc5 34. g4 a5
35. g5 a4 36. gxf6 gxf6 37. Qg4 Qg7 38. Qxg7+ Rxg7 39. Rc2 axb3 40. axb3 Rg4
41. Ra2 Rxh4+ 42. Kg2 Rc7 43. Kg3 Rh5 44. Ra8+ Kg7 45. Rg8+ Kh6 46. Kf3 Rg7 47.
Rxg7 Kxg7 48. Ke2 Rh2+ 49. Kd3 Rh3+ 50. Ke2 Re3+ 51. Kd2 Rh3 52. Bd5 h5 53. Ke2
h4 54. Rc1 Rc3 55. Rh1 h3 56. Bc4 Rc2+ 57. Kf3 h2 58. Bf1 Rc3+ 59. Kg2 Bg1 60.
Bc4 Rxc4 61. Kf3 Rc3+ 62. Ke2 Rxb3 63. Kd2 Rc3 64. Ke1 b3 65. Kf1 b2 66. Kg2
Rc2+ 67. Kh3 b1=Q 68. Rxh2 Rxh2+ 69. Kg4 Qxe4+ 70. Kg3 Qg2# 0-1

[Event "MCR mladeze 2014, D14"]
[Site "Kouty nad Desnou"]
[Date "2014.03.11"]
[Round "4"]
[White "Dancakova, Klara"]
[Black "Dolezalova, Josefina"]
[Result "1-0"]
[WhiteElo "1209"]
[BlackElo "1100"]
[PlyCount "67"]
[EventDate "2014.03.08"]

1. e4 e5 2. Nf3 Nc6 3. Nc3 Bc5 4. Nxe5 Nxe5 5. d4 Bb4 6. dxe5 Ne7 7. Bg5 d6 8.
Bc4 O-O 9. O-O h6 10. Bh4 Qd7 11. a3 Bc5 12. b4 Bb6 13. a4 a5 14. b5 Ng6 15. e6
fxe6 16. Qg4 d5 17. exd5 exd5 18. Bxd5+ Kh8 19. Qxg6 Qd6 20. Qxd6 cxd6 21. Be7
Rf5 22. Bxd6 Bd4 23. Be4 Rf6 24. Bg3 Bxc3 25. Rad1 Be6 26. Rd6 Re8 27. Rfd1
Ref8 28. Bxb7 Bg4 29. f3 Bh5 30. Bc6 Rc8 31. b6 Rb8 32. b7 Bb4 33. R6d5 Bg6 34.
Bxb8 1-0

[Event "MCR mladeze 2014, D14"]
[Site "Kouty nad Desnou"]
[Date "2014.03.11"]
[Round "5"]
[White "Nemcova, Kamila"]
[Black "Bierska, Adela"]
[Result "1-0"]
[WhiteElo "1659"]
[BlackElo "1472"]
[PlyCount "63"]
[EventDate "2014.??.??"]

1. e4 e5 2. Nf3 Nc6 3. Bc4 Bc5 4. c3 Qe7 5. d4 Bb6 6. O-O d6 7. a4 a6 8. h3 Nf6
9. Bd5 Bd7 10. Na3 O-O 11. Nc4 Ba7 12. Bg5 Rad8 13. Re1 b5 14. axb5 axb5 15.
Bxc6 Bxc6 16. Ncxe5 dxe5 17. Nxe5 Qxe5 18. dxe5 Rxd1 19. Raxd1 Nxe4 20. Be3 Bb8
21. Kh2 f6 22. f3 Ng5 23. exf6 gxf6 24. Bc5 Rc8 25. h4 Bxf3 26. hxg5 Bxd1 27.
Rxd1 fxg5 28. Rf1 c6+ 29. Kh3 Kg7 30. Bd4+ Kg6 31. Rf6+ Kh5 32. g4# 1-0

[Event "MCR mladeze 2014, D14"]
[Site "Kouty nad Desnou"]
[Date "2014.03.11"]
[Round "5"]
[White "Vavrinkova, Eliska"]
[Black "Zlamana, Anna"]
[Result "1/2-1/2"]
[WhiteElo "1488"]
[BlackElo "1489"]
[PlyCount "55"]
[EventDate "2014.??.??"]

1. d4 d5 2. Nf3 Nf6 3. c4 e6 4. cxd5 exd5 5. Nc3 Be7 6. Bg5 c6 7. Qc2 g6 8. e3
Bf5 9. Bd3 Bxd3 10. Qxd3 Nbd7 11. O-O O-O 12. h3 a5 13. a3 a4 14. Rfc1 Re8 15.
Qc2 b5 16. Ne2 Rc8 17. Bxf6 Bxf6 18. Qd3 Qb6 19. Rc2 c5 20. dxc5 Nxc5 21. Qxd5
Nb3 22. Rxc8 Rxc8 23. Rb1 Rd8 24. Qe4 Nd2 25. Nxd2 Rxd2 26. Nc3 Bxc3 27. bxc3
Qf6 28. Qf4 1/2-1/2

[Event "MCR mladeze 2014, D14"]
[Site "Kouty nad Desnou"]
[Date "2014.03.11"]
[Round "5"]
[White "Kopcova, Ludmila"]
[Black "Ambrozova, Lucie"]
[Result "0-1"]
[WhiteElo "1618"]
[BlackElo "1480"]
[PlyCount "55"]
[EventDate "2014.??.??"]

1. e4 c5 2. Nf3 d6 3. Bb5+ Bd7 4. Bxd7+ Qxd7 5. O-O Nf6 6. Qe2 Nc6 7. c3 e6 8.
d4 cxd4 9. cxd4 Be7 10. Nc3 O-O 11. h3 Rac8 12. Bg5 h6 13. Bh4 Nh5 14. Bxe7
Qxe7 15. Rac1 e5 16. Nd5 Qe6 17. dxe5 dxe5 18. Rfd1 Rfd8 19. Qb5 Nd4 20. Nxd4
exd4 21. Rxc8 Rxc8 22. Qb4 Rc2 23. Qxd4 Re2 24. Nc3 Rxb2 25. Qxa7 Rc2 26. Qd4
Nf4 27. Kh2 Qg6 28. g3 0-1

[Event "MCR mladeze 2014, D14"]
[Site "Kouty nad Desnou"]
[Date "2014.03.11"]
[Round "5"]
[White "Vlkova, Anezka"]
[Black "Brunova, Blanka"]
[Result "0-1"]
[WhiteElo "1440"]
[BlackElo "1568"]
[PlyCount "52"]
[EventDate "2014.??.??"]

1. e4 c5 2. Nc3 e6 3. g3 d5 4. exd5 exd5 5. Bg2 Nf6 6. f4 g6 7. Nf3 Bg7 8. O-O
O-O 9. d3 Nc6 10. h3 Nh5 11. Ne2 f5 12. c3 Re8 13. Kh2 Nf6 14. d4 b6 15. dxc5
bxc5 16. b3 Ba6 17. Re1 Ne4 18. Bb2 Nf2 19. Qd2 Nd3 20. Nfg1 Nxe1 21. Qxd5+ Kh8
22. Qxc6 Nxg2 23. Qxa6 Ne3 24. Ba3 Qd5 25. Nf3 Qxf3 26. Rg1 Nf1+ 0-1

[Event "MCR mladeze 2014, D14"]
[Site "Kouty nad Desnou"]
[Date "2014.03.11"]
[Round "5"]
[White "Kalinova, Eliska"]
[Black "Volaninova, Sarka"]
[Result "1/2-1/2"]
[WhiteElo "1312"]
[BlackElo "1556"]
[PlyCount "68"]
[EventDate "2014.??.??"]

1. d4 d5 2. Nc3 Nf6 3. Bg5 e6 4. e4 dxe4 5. Nxe4 Be7 6. Bxf6 Bxf6 7. Nf3 O-O 8.
Qd3 Nc6 9. O-O-O Bd7 10. h4 a5 11. Neg5 g6 12. Kb1 b5 13. Ne5 Nb4 14. Qh3 h5
15. g4 Nd5 16. gxh5 Nf4 17. Qf3 Nxh5 18. Bd3 Kg7 19. Rdg1 Bxe5 20. dxe5 c5 21.
Qxh5 gxh5 22. Nxe6+ Kh6 23. Nxd8 Raxd8 24. Rg5 Rg8 25. Be2 Bg4 26. Rxg8 Rxg8
27. Bxb5 Rd8 28. Kc1 Rd4 29. Bc6 Rf4 30. Rh2 Rf5 31. Kd2 Rxe5 32. Kc3 Be6 33.
Rh1 Rf5 34. f3 Re5 1/2-1/2

[Event "MCR mladeze 2014, D14"]
[Site "Kouty nad Desnou"]
[Date "2014.03.11"]
[Round "5"]
[White "Masakova, Petra"]
[Black "Kralova, Josefina"]
[Result "1/2-1/2"]
[WhiteElo "1553"]
[BlackElo "1551"]
[PlyCount "145"]
[EventDate "2014.03.08"]

1. d4 Nf6 2. Nf3 g6 3. c4 Bg7 4. Nc3 d6 5. Bg5 O-O 6. e3 Nbd7 7. Be2 Re8 8. O-O
c6 9. Qc2 e5 10. dxe5 dxe5 11. b4 Qc7 12. Rfd1 Nb6 13. Bxf6 Bxf6 14. Ne4 Bg7
15. Nd6 Rd8 16. Nxc8 Raxc8 17. Rac1 Qe7 18. a3 e4 19. Nd2 Re8 20. Nb3 Nd7 21.
Rd2 Nf6 22. Rcd1 Red8 23. Nc5 Rxd2 24. Rxd2 b6 25. Nb3 Rd8 26. Qd1 Rxd2 27.
Qxd2 Qd7 28. Bd1 Qd3 29. Qxd3 exd3 30. Kf1 Ne4 31. f3 Nd6 32. c5 bxc5 33. Nxc5
Nc4 34. Nxd3 Nxe3+ 35. Ke2 Nxg2 36. Ba4 Nh4 37. Bxc6 Nf5 38. b5 Kf8 39. a4 Nd4+
40. Ke3 Nxc6 41. bxc6 Ke7 42. Nb4 Kd6 43. Kd3 a5 44. c7 Kxc7 45. Nd5+ Kc6 46.
Kc4 f5 47. h3 h6 48. Ne7+ Kb6 49. Nxg6 Bf6 50. Kd5 Bg5 51. h4 Bd2 52. h5 f4 53.
Ne5 Bb4 54. Nf7 Bf8 55. Nd8 Bg7 56. Ne6 Bf6 57. Nxf4 Bb2 58. Ne6 Bf6 59. f4 Bc3
60. f5 Bf6 61. Nc5 Kc7 62. Nb3 Bc3 63. Ke6 Kd8 64. f6 Ke8 65. f7+ Kf8 66. Nc5
Bb4 67. Nd7+ Kg7 68. f8=Q+ Bxf8 69. Nxf8 Kxf8 70. Kf6 Kg8 71. Kg6 Kf8 72. Kxh6
Kf7 73. Kh7 1/2-1/2

[Event "MCR mladeze 2014, D14"]
[Site "Kouty nad Desnou"]
[Date "2014.03.11"]
[Round "5"]
[White "Tumova, Anna"]
[Black "Koucha, Maryam Amina"]
[Result "0-1"]
[WhiteElo "1496"]
[BlackElo "1527"]
[PlyCount "58"]
[EventDate "2014.03.08"]

1. e4 d5 2. e5 d4 3. f4 f6 4. Bd3 Nc6 5. Qh5+ g6 6. Bxg6+ hxg6
7. Qxh8 Be6 8. Qh4 Qd5 9. Ne2 O-O-O 10. d3 Bh6 11. Bd2 fxe5 12. a3 exf4 13.
Bxf4 g5 14. Bxg5 Bxg5 15. Qe4 Qxe4 16. dxe4 Nf6 17. Ng3 Be3 18. Nd2 Ng4 19. h3
Bf2+ 20. Ke2 d3+ 21. Kf1 Bxg3 22. hxg4 Rf8+ 23. Nf3 dxc2 24. Ke2 Bf4 25. Nd2
Rd8 26. Nb3 Bxb3 27. Kf3 Bg5 28. Ke2 Ne5 29. g3 Rd2+ 0-1